| 000 | 00623 a2200205 4500 | ||
|---|---|---|---|
| 005 | 20260406113648.0 | ||
| 008 | 260403b |||||||| |||| 00| 0 eng d | ||
| 020 |
_a9789365892222 _cRs. 1199.00 |
||
| 040 | _aMAIN | ||
| 082 |
_a658.872 _bW582S |
||
| 100 | _aWhite, Andy | ||
| 110 | _aWhite, Andy | ||
| 245 | _aSalesforce in action: A guide to administrator essentials and advanced Salesforce features across sales, service, and marketing cloud | ||
| 260 |
_bBPB Publications _aNew Delhi _c2026 |
||
| 300 | _axxv, 408 | ||
| 650 | _aManagement | ||
| 650 | _aMarketing | ||
| 650 | _aSales and Selling | ||
| 942 | _cBK | ||
| 999 |
_c396948 _d396948 |
||